Statistics for Every Hold, Capital, and Jarl in Skyrim

Click here to take the quiz!

General Stats

  • This quiz has been taken 18 times
  • The average score is 17 of 32

Answer Stats

Answer% Correct
The Rift
100%
Whiterun
100%
Falkreath
94%
Riften
94%
Solitude
94%
Winterhold
94%
Dawnstar
88%
Markarth
88%
The Reach
88%
Windhelm
88%
The Pale
82%
Morthal
76%
Ulfric Stormcloak
76%
Eastmarch
65%
Elisif the Fair
59%
Hjaalmarch
59%
Haafingar
53%
Maven Black-Briar
53%
Laila Law-Giver
41%
Balgruuf the Greater
35%
Brunwulf Free-Winter
35%
Korir
29%
Skald the Elder
29%
Vignar Gray-Mane
29%
Siddgeir
24%
Idgrod Ravencrone
18%
Thongvor Silver-Blood
18%
Igmund
12%
Brina Merilis
6%
Dengeir of Stuhn
6%
Sorli the Builder
6%
Kraldar
0%

Score Distribution

Percentile by Number Answered

Percent of People with Each Score

Your Score History

You have not taken this quiz